000
00250nam a2200097Ia 4500
001
956681
005
20250826215829.0
008
250824s9999 xx 000 0 und d
245
0
_a
ANKARA DESTANI
_c
ÜSTÜN DÖKMEN
260
_b
REMZİ KİTABEVİ YAYINLARI
999
_c
956681
_d
956681